|
|
|
|
| LEADER |
00000nab a2200000 a 4500 |
| 001 |
vtls001021446 |
| 003 |
SK-MaSNL |
| 005 |
20260305033103.0 |
| 008 |
040720e19930624xo 0 slo |
| 035 |
|
|
|a SL47
|
| 040 |
|
|
|a SLLK
|b slo
|c SLLK
|e AACR2
|
| 041 |
0 |
|
|a slo
|
| 044 |
|
|
|a xo
|c SK
|
| 080 |
|
|
|a 614.84
|2 1981
|
| 100 |
1 |
|
|a Čandíková, Vlasta
|4 aut
|9 1023826
|
| 245 |
1 |
0 |
|a Okrsková súťaž požiarníkov
|c Vlasta Čandíková
|
| 650 |
0 |
7 |
|a požiarnictvo
|2 SLLK
|9 1502
|
| 650 |
0 |
7 |
|a súťaže okrskové
|2 SLLK
|9 1566196
|
| 650 |
0 |
7 |
|a výsledky
|2 SLLK
|9 493505
|
| 651 |
|
7 |
|a Podolínec (Slovensko)
|2 SLLK
|9 19195
|
| 651 |
|
7 |
|a Stará Ľubovňa (Slovensko : okres)
|2 snkbucl
|9 19196
|
| 773 |
0 |
8 |
|t Ľubovnianske noviny
|g Roč. 19, č.25, 24.6.1993, s. 2
|
| 852 |
|
|
|a ZVYKNI
|b KIS3GCP
|
| 999 |
|
|
|c 3322782
|d 3324712
|